Statistics for Super Smash Bros. 4 Characters (ALL DLC INCLUDED)

Click here to take the quiz!

General Stats

  • This quiz has been taken 56 times
  • The average score is 48 of 63

Answer Stats

Super Smash Bros.% Correct
Bowser
94%
Mario
94%
Fox
91%
Marth
91%
Roy
91%
Donkey Kong
88%
Falco
88%
Kirby
88%
Link
88%
Luigi
88%
Ness
88%
Peach
88%
Pikachu
88%
Ganondorf
85%
Jigglypuff
85%
King Dedede
85%
Meta Knight
85%
Zelda
85%
Captain Falcon
82%
Diddy Kong
82%
Lucas
82%
Mewtwo
82%
Rosalina & Luma
82%
Samus
82%
Sheik
82%
Yoshi
82%
Bayonetta
79%
Charizard
79%
Greninja
79%
Ike
79%
Toon Link
79%
Cloud
76%
Lucario
76%
Lucina
76%
R.O.B.
76%
Wario
76%
Bowser Jr.
74%
Dr. Mario
74%
Mega Man
71%
Pac-Man
71%
Pit
71%
Ryu
71%
Snake
71%
Sonic
71%
Young Link
71%
Zero Suit Samus
71%
Corrin
68%
Mr. Game & Watch
68%
Robin
68%
Wolf
68%
Dark Pit
65%
Ice Climbers
65%
Little Mac
65%
Olimar
65%
Pichu
65%
Palutena
62%
Shulk
62%
Villager
62%
Duck Hunt
56%
Ivysaur
56%
Mii
53%
Squirtle
53%
Wii Fit Trainer
53%

Score Distribution

Percentile by Number Answered

Percent of People with Each Score

Your Score History

You have not taken this quiz